Statistiques concernant Culture Générale - Série 1457

Cliquez ici pour prendre le quiz!

Statistiques générales

  • Ce quiz a été pris 54 fois
  • Le résultat moyen est 7 sur 10

Statistiques - réponses

Question Réponse % Correct
Quand vous allez voir un film au cinéma, que signifie l'abréviation V.F. ?version française
96%
Dans quelle capitale européenne peut-on visiter Big Ben et Buckingham Palace ?Londres
96%
A Paris, quel fleuve communique avec le canal de l'Ourcq ?Seine
92%
Quel instrument de géométrie, en forme de demi-cercle gradué, sert à mesurer des angles sur un dessin ?rapporteur
90%
Quelle ville de Haute-Savoie, célèbre pour son lac, est aussi surnommée la "Venise des Alpes" ?Annecy
87%
Familièrement, un discours ennuyeux et moralisateur est un prêchi-...prêcha
85%
La locution italienne signifiant : "tous tant qu'ils sont", et qu'on utilise à la fin d'une énumération est : "tutti...quanti
63%
Quel romancier américain a écrit “Les Raisins de la colère” en 1939 ?John Steinbeck
50%
Quel sandwich niçois porte un nom provençal qui signifie : "pain mouillé" ?pan-bagnat
33%
Dans le film "La traversée de Paris", de Claude Autant-Lara, quel est le prénom de Martin, incarné par Bourvil ?Marcel
12%

Distribution des résultats

Percentile par nombre de réponses

% des personnes avec chaque résultat

Votre développement - résultats

Vous n’avez pas pris ce quiz